Strength of materials in S1 units (Mechanics of solids) (Record no. 157473)

MARC details
000 -LEADER
fixed length control field 00408nam a2200157Ia 4500
008 - FIXED-LENGTH DATA ELEMENTS--GENERAL INFORMATION
fixed length control field 230917s9999||||xx |||||||||||||| ||und||
040 ## - CATALOGING SOURCE
-- 195130
Original cataloging agency VIVEKANANDA LIBRARY
041 ## - Language
-- English
082 ## - DDC NUMBER
Classification number 620.105 R11S(5)
100 ## - MAIN ENTRY--PERSONAL NAME
Personal name Rajput, R K
245 #0 - TITLE STATEMENT
Title Strength of materials in S1 units (Mechanics of solids)
250 ## - EDITION STATEMENT
Edition statement 5th ed.
260 ## - PUBLICATION, DISTRIBUTION, ETC. (IMPRINT)
Place of publication, distribution, etc New Delhi
Name of publisher, distributor, etc S Chand
Date of publication, distribution, etc 2012
300 ## - PHYSICAL DESCRIPTION
Pages xvi, 1448 p.
942 ## - ADDED ENTRY ELEMENTS (KOHA)
Koha item type Books
Holdings
Withdrawn status Lost status Damaged status Not for loan Location (home branch) Sublocation or collection (holding branch) Shelving location Date acquired Koha issues (times borrowed) Koha full call number Accession No. Koha date last seen Koha item type
        VIVEKANANDA LIBRARY VIVEKANANDA LIBRARY UIET Library 23/12/2011 7 620.105 R11S(5) 287122 19/01/2026 Books
        VIVEKANANDA LIBRARY VIVEKANANDA LIBRARY UIET Library 23/12/2011 6 620.105 R11S(5) 287123 19/03/2025 Books
        VIVEKANANDA LIBRARY VIVEKANANDA LIBRARY UIET Library 23/12/2011 7 620.105 R11S(5) 287124 01/10/2025 Books
        VIVEKANANDA LIBRARY VIVEKANANDA LIBRARY UIET Library 23/12/2011 8 620.105 R11S(5) 287125 28/05/2025 Books
        VIVEKANANDA LIBRARY VIVEKANANDA LIBRARY UIET Library 23/12/2011 4 620.105 R11S(5) 287126 30/12/2024 Books
        VIVEKANANDA LIBRARY VIVEKANANDA LIBRARY UIET Library 23/12/2011 5 620.105 R11S(5) 287127 27/03/2026 Books
        VIVEKANANDA LIBRARY VIVEKANANDA LIBRARY UIET Library 23/12/2011 7 620.105 R11S(5) 287128 18/04/2025 Books
        VIVEKANANDA LIBRARY VIVEKANANDA LIBRARY UIET Library 23/12/2011 3 620.105 R11S(5) 287129 26/11/2025 Books
        VIVEKANANDA LIBRARY VIVEKANANDA LIBRARY UIET Library 23/12/2011 10 620.105 R11S(5) 287130 13/04/2026 Books
        VIVEKANANDA LIBRARY VIVEKANANDA LIBRARY UIET Library 23/12/2011 5 620.105 R11S(5) 287131 27/12/2024 Books
© Designed and Maintained by Vivekananda Library, MDU Rohtak